00270nam a2200109Ia 4500008004100000100002200041245004000063250001200103260002800115300000900143650000800152191201s2009 xx 000 0 und d aHORNGREN, Charles 0aCost Accounting managerial emphasis a1st IMP aN. delhibpearsonc2009 a1018 aBBA